[Event "NED-ch 1992"]
[Site "Eindhoven"]
[Date "1992.??.??"]
[Round "?"]
[White "Brenninkmeijer, Joris"]
[Black "Piket, Jeroen"]
[Result "0-1"]
[WhiteElo "2500"]
[BlackElo "2615"]
[Annotator "Knaak"]
[PlyCount "68"]
[EventDate "1992.03.??"]
[Source "ChessBase"]
[SourceDate "2004.01.01"]

1. d4 Nf6 2. c4 g6 3. Nc3 Bg7 4. e4 d6 5. Nf3 O-O 6. Be2 e5 7. Be3 Nbd7 8. O-O
c6 9. d5 Ng4 10. Bg5 f6 11. Bd2 Qe7 12. b4 Nh6 (12... f5 13. Ng5 Ndf6 14. h3
Nh6 15. c5 $1 Kh8 16. Qb3 Ne8 17. b5 $3 $16 {Gruenberg,HU-Knaak/Glauchau/1987})
13. Qc2 (13. dxc6 bxc6 14. b5 Bb7 15. bxc6 Bxc6 16. Nd5 Bxd5 17. cxd5 Nc5 18.
Qc2 Rac8 19. Bc4 $14 {Lalev-Kotronias/Lvov/1988}) 13... Nf7 14. Ne1 Kh8 15. Rb1
f5 16. f3 $6 (16. exf5 gxf5 17. Qxf5 $14) 16... Nf6 $15 17. Nd3 Bd7 18. Nf2
cxd5 19. cxd5 Rac8 20. Qb3 Nh5 21. Rfc1 Bh6 22. Qd1 Bg5 23. Bf1 Kg7 24. a4 Rc7
25. Bxg5 Qxg5 26. Nb5 Rxc1 27. Rxc1 Bxb5 28. Bxb5 Qe3 $1 $17 29. exf5 gxf5 30.
a5 Nf4 31. Rc7 Kf6 32. Bf1 Ng5 $19 33. h4 (33. Rxb7 Nfh3+ 34. gxh3 Nxf3+ 35.
Kh1 Qxf2 36. Bg2 Ne1 $19) (33. Rc2 Nfh3+ 34. gxh3 Nxf3+ 35. Kh1 Qf4 36. Nd3 Rg8
37. Rg2 Qxh2+ $1 38. Rxh2 Rg1#) 33... Ngh3+ 34. gxh3 Rg8+ 0-1

[Event "NED-ch 1992"]
[Site "Eindhoven"]
[Date "1992.??.??"]
[Round "?"]
[White "Cifuentes Parada, Roberto"]
[Black "Sosonko, Gennadi"]
[Result "1/2-1/2"]
[WhiteElo "2540"]
[BlackElo "2530"]
[Annotator "Ftacnik"]
[PlyCount "117"]
[EventDate "1992.03.??"]
[Source "ChessBase"]
[SourceDate "2004.01.01"]

1. c4 e6 2. Nf3 d5 3. g3 Nf6 4. Bg2 Be7 5. O-O O-O 6. d4 Nbd7 7. Qc2 c6 8. b3
b6 9. Rd1 Ba6 10. Nbd2 Rc8 11. e4 c5 12. exd5 exd5 13. Qf5 (13. Bb2 Bb7 (13...
cxd4 14. Nxd4 b5 15. Qf5 bxc4 16. bxc4 Qb6 17. Rab1 dxc4 18. Ba3 Bxa3 19. Rxb6
axb6 $14 {Sosonko,G-Radulov,I/Plovdiv/1983/}) 14. Qf5 g6 15. Qh3 h5 {
Tal,M-Lputian,S/Manila izt/1990/}) 13... g6 14. Qh3 h5 15. Bb2 Rc7 16. Bh1 $1 (
16. Re1 Bc8 17. Bh1 Ne5 18. Qf1 Nxf3+ $10) 16... Bb7 (16... Bc8 17. Qf1 $14)
17. Re1 Ng4 18. Rad1 Re8 (18... dxc4 19. Nxc4 cxd4 20. Rxd4 $14) 19. Ne5 Ndxe5
(19... cxd4 20. Nxg4 hxg4 21. Qxg4 $16) 20. dxe5 d4 (20... dxc4 21. Nxc4 Rd7
22. Rxd7 Qxd7 23. Bxb7 Qxb7 24. Qf1 $14) 21. Bxb7 Rxb7 22. Qg2 Rc7 (22... Rd7
23. e6 fxe6 24. Qe4 $1 $40) 23. h3 Nh6 24. Ne4 (24. e6 f5 $13) 24... Qc8 25.
Bc1 Kh7 26. Bf4 (26. Bxh6 Kxh6 27. g4 hxg4 28. hxg4 Kg7 $132) 26... Qf5 27. Nd6
(27. e6 $6 Rc6 28. exf7 Nxf7 $15) 27... Bxd6 28. exd6 Rxe1+ 29. Rxe1 Rd7 30.
Kh2 Ng8 (30... g5 31. Re5) 31. Re5 Qc2 (31... Qf6 32. Re8 d3 33. Qa8 Nh6 34.
Bxh6 Kxh6 35. Rh8+ Kg5 36. h4+ Kf5 37. Qf3+ Ke6 38. Re8+ $18) 32. Qf3 Rxd6 (
32... d3 33. Rd5 Nf6 34. Rxd3 $16) 33. Rxh5+ gxh5 34. Bxd6 Kg6 $1 35. Kg2 (35.
g4 hxg4 36. Qxg4+ (36. hxg4 Nf6) 36... Kh7 37. Qh5+ Nh6 $13) 35... Nf6 36. g4
hxg4 37. hxg4 Qe4 38. Bf4 (38. Qxe4+ Nxe4 39. Bb8 a6 (39... d3 40. Kf3 d2 41.
Ke2 Nxf2 42. Kxd2 Nxg4 43. Bxa7 $16) 40. Bc7 b5 41. f3 Nc3 $36) 38... Qe6 39.
Qd3+ Qe4+ 40. Qxe4+ (40. Qf3 $10) 40... Nxe4 41. f3 Nc3 42. a4 Ne2 43. Bd2 d3
44. Kf2 Nd4 45. Ke3 (45. b4 Nb3 46. Bc3 d2 47. Ke2 cxb4 48. Bxb4 Nd4+ 49. Kxd2
Nxf3+ 50. Ke3 Ne5 $15) 45... f5 (45... Nxb3 46. Kxd3 f5 (46... Nxd2 47. Kxd2
Kg5 48. Ke3 f5 49. gxf5 Kxf5 50. f4 $18) 47. Be3 $10) 46. Bc3 fxg4 47. fxg4 (
47. Bxd4 $2 cxd4+ 48. Kxd3 gxf3 $19) 47... Nxb3 48. Kxd3 Kg5 49. Kc2 Nd4+ 50.
Bxd4 cxd4 51. Kd3 Kxg4 52. Kxd4 Kf5 53. Kd5 Kf6 54. Kd6 (54. Kc6 Ke5 55. Kb7
Kd6 56. Kxa7 Kc7 57. Ka6 Kc6 $10) 54... Kf5 55. Kd5 Kf6 56. Kd6 Kf5 57. a5 Ke4
(57... bxa5 $2 58. c5 a4 59. c6 a3 60. c7 a2 61. c8=Q+ $18) 58. Kc6 bxa5 59.
Kb5 {Ftacnik,L} 1/2-1/2

[Event "NED-ch 1992"]
[Site "Eindhoven"]
[Date "1992.??.??"]
[Round "?"]
[White "Klarenbeek, Hans"]
[Black "Bosboom, Manuel"]
[Result "1/2-1/2"]
[WhiteElo "2415"]
[BlackElo "2455"]
[Annotator "Stohl"]
[PlyCount "82"]
[EventDate "1992.03.??"]
[Source "ChessBase"]
[SourceDate "2004.01.01"]

1. d4 Nf6 2. c4 c5 3. d5 b5 4. cxb5 a6 5. e3 axb5 6. Bxb5 Qa5+ 7. Nc3 Bb7 8.
Nge2 Nxd5 9. O-O Nxc3 (9... Nf6 10. Qd3 $5 (10. Ng3 e6 11. e4 Be7 12. a4 Nc6
13. Re1 Nd4 14. Be3 Nxb5 15. axb5 Qc7 16. Rxa8+ Bxa8 17. Qd2 O-O 18. Bf4 d6 19.
Ra1 Rd8 20. Qe2 Qb7 $13 {Hracek,Z-Weindl,A,Kecskemet GM 1991-CBM 26}) 10... g6
(10... e6 11. e4 $36) 11. e4 Nc6 12. f4 Nb4 13. Qc4 Nc2 14. Rb1 Qb4 {
Farago,I-Nikovits,T,HUN-chT 1991-TD 91_05} 15. e5 Ne4 16. Nd5 $36) 10. Nxc3 e6
(10... g6 11. Qb3 $5 Bc6 12. Bd2 Bg7 13. Nd5 Qa7 14. Bc3 Bxd5 15. Qxd5 Bxc3 16.
bxc3 O-O 17. h4 $14 {Kouatly,B-Kerkhof,P,Brussels OHRA op 1987}) 11. e4 (11. a4
Nc6 12. e4 Be7 13. Bf4 Qd8 14. Qd3 O-O 15. Rad1 Nd4 16. Be5 Bf6 17. Bd6 Be7 18.
Qg3 f5 $10 {Shirov,A-Adams,M,Dortmund 1992-CBM 29}) 11... Nc6 (11... Be7 12.
Bf4 O-O (12... Nc6 $142 13. Qd3 Nd4 14. Be5 Bf6 $5 $13) 13. a4 Qb4 14. Re1 Qxb2
15. Bd2 c4 16. Ra2 Qb4 17. Nd5 exd5 $8 18. Bxb4 Bxb4 19. Re3 dxe4 20. Bxc4 Bc5
21. Rh3 $16 {Flear,G-Andruet,G,Val Maubuee op 1989-TD 89_04}) (11... Bxe4 $6
12. Bxd7+ Nxd7 13. Nxe4 $16) 12. Be3 {N} 12... Be7 13. f4 $1 {/\f5->,e5,Ne4-d6}
13... Rd8 (13... Qd8 $142 $5 14. f5 O-O $13) 14. f5 $36 Qc7 (14... O-O $6 15.
f6 $1 Bxf6 16. Rxf6 gxf6 17. Qg4+ Kh8 18. Qh4 $40 {><Qa5}) 15. Bf4 (15. Qg4 Qe5
(15... Bf6 16. fxe6 dxe6 17. Rxf6 gxf6 18. Qg7 $16) 16. Rad1 $36) 15... Qb6 (
15... d6 $2 16. fxe6 fxe6 17. Qg4 $18) 16. a4 (16. Bd6 Nd4 $5 17. Bxe7 Kxe7 $13
) 16... O-O 17. Bd6 $16 {/\Bc6+-} 17... c4+ 18. Kh1 Bxd6 19. Qxd6 exf5 20. exf5
(20. Rxf5 Qd4 21. Rd5 $16) 20... Qd4 21. Rad1 (21. Qxd4 $6 Nxd4 {/\} 22. Bxc4
Nc2 $15 {/\Ne3}) 21... Qxd6 22. Rxd6 Ne5 23. a5 (23. h3 $5 h5 (23... Nd3 24. b3
$18) 24. Rfd1 Nd3 25. Rd2 $16) 23... Ba8 $5 24. h3 h5 25. f6 $6 (25. Rfd1 Rb8
26. R1d2 $16) 25... Rfe8 26. fxg7 Re6 $1 $132 27. Rd4 (27. Rfd1 Nd3 28. Rxe6 $8
fxe6 $36 {[+]}) 27... Rg6 28. Nd5 (28. Rf2 $5 $14 {/\} 28... Kxg7 29. Bxc4)
28... Kxg7 29. Nf4 Rg5 $10 30. Bxc4 (30. h4 Rf5 $132) 30... Nxc4 31. Rxc4 Rxa5
32. b4 Rf5 33. Rc5 (33. Rd1 Bc6 $10) 33... Rxc5 34. bxc5 Rh8 (34... h4 $142 $5
$10) 35. Rd1 Bc6 36. Kh2 h4 37. g3 hxg3+ 38. Kxg3 Kf6 39. Rd6+ Kf5 (39... Ke5
40. Nd3+ Ke4 41. Nb4 $10) 40. Ne2 Rg8+ 41. Kf2 Ke5 (41... Ke5 42. Nd4 Rg6 43.
Nxc6+ dxc6 44. Rd7 $10 {[Stohl]}) 1/2-1/2